Mirando mi árbol: Taller de fortalecimiento de competencias parentales
Saved in:
| Institution som forfatter: | |
|---|---|
| Format: | Bog |
| Sprog: | spansk |
| Udgivet: |
Santiago
Fundación Integra
2005
|
| Fag: | |
| Tags: |
Tilføj Tag
Ingen Tags, Vær først til at tagge denne postø!
|
MARC
| LEADER | 00000cam a2200000 a 4500 | ||
|---|---|---|---|
| 001 | UCF4876 | ||
| 003 | CL-VaPUC | ||
| 008 | 130103e20050000CL |||||||||||||||||spa|d | ||
| 020 | |a 9568482032 | ||
| 082 | 0 | 4 | |a 372.21 |b FUN |2 21 |
| 110 | 2 | |a Fundación Integra |e author |9 566571 | |
| 245 | 1 | 0 | |a Mirando mi árbol: Taller de fortalecimiento de competencias parentales |
| 300 | |a v | ||
| 942 | |c BK | ||
| 945 | |d 20130103 00:00:00 |a dcastane | ||
| 260 | |a Santiago |b Fundación Integra |c 2005 | ||
| 500 | |a v.1: preparando la tierra. Conformando un grupo de trabajo | ||
| 500 | |a v.2: cada árbol es distinto. Mi familia | ||
| 500 | |a v.3: cada tronco da u a rama distinta. La crianza | ||
| 500 | |a v.4: las raíces de mi árbol. Adultos significativos | ||
| 500 | |a v.5: mirando las flores de mi árbol. Empatizando con mi niña o niño | ||
| 500 | |a v.6: para sentir el viento en las hojas hay que querer escucharlo. Comunicación | ||
| 500 | |a v.7: el riego y la poda. Normas y límites | ||
| 500 | |a v.8: enfrentando vientos y tempestades. Resolución de conflictos | ||
| 500 | |a v.9: mi árbol en el bosque. Las redes en la crianza | ||
| 500 | |a v.10: cuendo el árbol da frutos. Mediación educativa | ||
| 500 | |a v.11: hemos visto nuestro árbol. Cierre del taller | ||
| 500 | |a Incluye Guía de orientación para monitoras | ||
| 650 | 0 | |a Educación preescolar |9 260381 | |
| 650 | 0 | |a Reforma educacional |9 256319 | |
| 650 | 0 | |a Evaluación de la educación |9 237505 | |
| 650 | 0 | |a Métodos de enseñanza |9 270413 | |
| 650 | 0 | |a Rol del docente |9 329733 | |
| 650 | 7 | |a FAMILIA Y EDUCACION |2 CL-VaPUC |9 542062 | |
| 583 | |a last modification |c 20130103 11:06:00 |k Rodrigo Vera | ||
| 999 | |c 350563 |d 350561 | ||
| 952 | |0 0 |1 0 |4 0 |6 372_210000000000000_FUN_2005 |7 0 |8 A |9 453990 |a BIBEDU |b BIBEDU |c ES_NOD |d 2019-11-22 |i 4938690 |o 372.21 FUN 2005 |p 4938690 |r 2023-08-09 |w 2019-11-22 |y BK |k EPE | ||
| 952 | |0 0 |1 0 |4 0 |6 372_210000000000000_FUN_2005 |7 0 |8 A |9 453991 |a BIBEDU |b BIBEDU |c ES_NOD |d 2019-11-22 |h v.1 |i 4938836 |o 372.21 FUN 2005 |p 4938836 |r 2023-08-09 |w 2019-11-22 |y BK |k EPE | ||
| 952 | |0 0 |1 0 |4 0 |6 372_210000000000000_FUN_2005 |7 0 |8 A |9 453992 |a BIBEDU |b BIBEDU |d 2019-11-22 |h v.2 |i 4938763 |o 372.21 FUN 2005 |p 4938763 |r 2019-11-22 |w 2019-11-22 |y BK |k EPE | ||
| 952 | |0 0 |1 0 |4 0 |6 372_210000000000000_FUN_2005 |7 0 |8 A |9 453993 |a BIBEDU |b BIBEDU |d 2019-11-22 |h v.3 |i 4938909 |o 372.21 FUN 2005 |p 4938909 |r 2019-11-22 |w 2019-11-22 |y BK |k EPE | ||
| 952 | |0 0 |1 0 |4 0 |6 372_210000000000000_FUN_2005 |7 0 |8 A |9 453994 |a BIBEDU |b BIBEDU |d 2019-11-22 |h v.4 |i 4938976 |o 372.21 FUN 2005 |p 4938976 |r 2019-11-22 |w 2019-11-22 |y BK |k EPE | ||
| 952 | |0 0 |1 0 |4 0 |6 372_210000000000000_FUN_2005 |7 0 |8 A |9 453995 |a BIBEDU |b BIBEDU |d 2019-11-22 |h v.5 |i 4939042 |o 372.21 FUN 2005 |p 4939042 |r 2019-11-22 |w 2019-11-22 |y BK |k EPE | ||
| 952 | |0 0 |1 0 |4 0 |6 372_210000000000000_FUN_2005 |7 0 |8 A |9 453996 |a BIBEDU |b BIBEDU |c ES_NOD |d 2019-11-22 |h v.6 |i 4939115 |o 372.21 FUN 2005 |p 4939115 |r 2023-08-09 |w 2019-11-22 |y BK |k EPE | ||
| 952 | |0 0 |1 0 |4 0 |6 372_210000000000000_FUN_2005 |7 0 |8 A |9 453997 |a BIBEDU |b BIBEDU |d 2019-11-22 |h v.7 |i 4939182 |o 372.21 FUN 2005 |p 4939182 |r 2019-11-22 |w 2019-11-22 |y BK |k EPE | ||
| 952 | |0 0 |1 0 |4 0 |6 372_210000000000000_FUN_2005 |7 0 |8 A |9 453998 |a BIBEDU |b BIBEDU |d 2019-11-22 |h v.8 |i 4939255 |o 372.21 FUN 2005 |p 4939255 |r 2019-11-22 |w 2019-11-22 |y BK |k EPE | ||
| 952 | |0 0 |1 0 |4 0 |6 372_210000000000000_FUN_2005 |7 0 |8 A |9 453999 |a BIBEDU |b BIBEDU |c ES_NOD |d 2019-11-22 |h v.9 |i 4939328 |o 372.21 FUN 2005 |p 4939328 |r 2023-08-09 |w 2019-11-22 |y BK |k EPE | ||
| 952 | |0 0 |1 0 |4 0 |6 372_210000000000000_FUN_2005 |7 0 |8 A |9 454000 |a BIBEDU |b BIBEDU |c ES_NOD |d 2019-11-22 |h v.10 |i 4939395 |o 372.21 FUN 2005 |p 4939395 |r 2023-08-09 |w 2019-11-22 |y BK |k EPE | ||
| 952 | |0 0 |1 0 |4 0 |6 372_210000000000000_FUN_2005 |7 0 |8 A |9 454001 |a BIBEDU |b BIBEDU |c ES_NOD |d 2019-11-22 |h v.11 |i 4939468 |o 372.21 FUN 2005 |p 4939468 |r 2023-08-09 |w 2019-11-22 |y BK |k EPE | ||
| 952 | |0 0 |1 0 |4 0 |6 372_210000000000000_FUN_2005 |7 0 |8 A |9 454002 |a BIBEDU |b BIBEDU |c ES_NOD |d 2019-11-22 |i 4938704 |o 372.21 FUN 2005 |p 4938704 |r 2023-08-09 |w 2019-11-22 |y BK |k EPE | ||
| 952 | |0 0 |1 0 |4 0 |6 372_210000000000000_FUN_2005 |7 0 |8 A |9 454003 |a BIBEDU |b BIBEDU |d 2019-11-22 |h v.1 |i 4938844 |o 372.21 FUN 2005 |p 4938844 |r 2019-11-22 |w 2019-11-22 |y BK |k EPE | ||
| 952 | |0 0 |1 0 |4 0 |6 372_210000000000000_FUN_2005 |7 0 |8 A |9 454004 |a BIBEDU |b BIBEDU |c ES_NOD |d 2019-11-22 |h v.2 |i 4938771 |o 372.21 FUN 2005 |p 4938771 |r 2023-08-09 |w 2019-11-22 |y BK |k EPE | ||
| 952 | |0 0 |1 0 |4 0 |6 372_210000000000000_FUN_2005 |7 0 |8 A |9 454005 |a BIBEDU |b BIBEDU |d 2019-11-22 |h v.3 |i 4938917 |o 372.21 FUN 2005 |p 4938917 |r 2019-11-22 |w 2019-11-22 |y BK |k EPE | ||
| 952 | |0 0 |1 0 |4 0 |6 372_210000000000000_FUN_2005 |7 0 |8 A |9 454006 |a BIBEDU |b BIBEDU |c ES_NOD |d 2019-11-22 |h v.4 |i 4938984 |o 372.21 FUN 2005 |p 4938984 |r 2023-08-09 |w 2019-11-22 |y BK |k EPE | ||
| 952 | |0 0 |1 0 |4 0 |6 372_210000000000000_FUN_2005 |7 0 |8 A |9 454007 |a BIBEDU |b BIBEDU |c ES_NOD |d 2019-11-22 |h v.5 |i 4939050 |o 372.21 FUN 2005 |p 4939050 |r 2023-08-09 |w 2019-11-22 |y BK |k EPE | ||
| 952 | |0 0 |1 0 |4 0 |6 372_210000000000000_FUN_2005 |7 0 |8 A |9 454008 |a BIBEDU |b BIBEDU |d 2019-11-22 |h v.6 |i 4939123 |o 372.21 FUN 2005 |p 4939123 |r 2019-11-22 |w 2019-11-22 |y BK |k EPE | ||
| 952 | |0 0 |1 0 |4 0 |6 372_210000000000000_FUN_2005 |7 0 |8 A |9 454009 |a BIBEDU |b BIBEDU |d 2019-11-22 |h v.7 |i 4939190 |o 372.21 FUN 2005 |p 4939190 |r 2019-11-22 |w 2019-11-22 |y BK |k EPE | ||
| 952 | |0 0 |1 0 |4 0 |6 372_210000000000000_FUN_2005 |7 0 |8 A |9 454010 |a BIBEDU |b BIBEDU |c ES_NOD |d 2019-11-22 |h v.8 |i 4939263 |o 372.21 FUN 2005 |p 4939263 |r 2023-08-09 |w 2019-11-22 |y BK |k EPE | ||
| 952 | |0 0 |1 0 |4 0 |6 372_210000000000000_FUN_2005 |7 0 |8 A |9 454011 |a BIBEDU |b BIBEDU |d 2019-11-22 |h v.9 |i 4939336 |o 372.21 FUN 2005 |p 4939336 |r 2019-11-22 |w 2019-11-22 |y BK |k EPE | ||
| 952 | |0 0 |1 0 |4 0 |6 372_210000000000000_FUN_2005 |7 0 |8 A |9 454012 |a BIBEDU |b BIBEDU |c ES_NOD |d 2019-11-22 |h v.10 |i 4939409 |o 372.21 FUN 2005 |p 4939409 |r 2023-08-09 |w 2019-11-22 |y BK |k EPE | ||
| 952 | |0 0 |1 0 |4 0 |6 372_210000000000000_FUN_2005 |7 0 |8 A |9 454013 |a BIBEDU |b BIBEDU |c ES_NOD |d 2019-11-22 |h v.11 |i 4939476 |o 372.21 FUN 2005 |p 4939476 |r 2023-08-09 |w 2019-11-22 |y BK |k EPE | ||
| 952 | |0 0 |1 0 |4 0 |6 372_210000000000000_FUN_2005 |7 0 |8 A |9 454014 |a BIBEDU |b BIBEDU |c ES_NOD |d 2019-11-22 |i 4938712 |o 372.21 FUN 2005 |p 4938712 |r 2023-08-09 |w 2019-11-22 |y BK |k EPE | ||
| 952 | |0 0 |1 0 |4 0 |6 372_210000000000000_FUN_2005 |7 0 |8 A |9 454015 |a BIBEDU |b BIBEDU |c ES_NOD |d 2019-11-22 |h v.1 |i 4938852 |o 372.21 FUN 2005 |p 4938852 |r 2023-08-09 |w 2019-11-22 |y BK |k EPE | ||
| 952 | |0 0 |1 0 |4 0 |6 372_210000000000000_FUN_2005 |7 0 |8 A |9 454016 |a BIBEDU |b BIBEDU |c ES_NOD |d 2019-11-22 |h v.2 |i 493878K |o 372.21 FUN 2005 |p 493878K |r 2023-08-09 |w 2019-11-22 |y BK |k EPE | ||
| 952 | |0 0 |1 0 |4 0 |6 372_210000000000000_FUN_2005 |7 0 |8 A |9 454017 |a BIBEDU |b BIBEDU |d 2019-11-22 |h v.3 |i 4938925 |o 372.21 FUN 2005 |p 4938925 |r 2019-11-22 |w 2019-11-22 |y BK |k EPE | ||
| 952 | |0 0 |1 0 |4 0 |6 372_210000000000000_FUN_2005 |7 0 |8 A |9 454018 |a BIBEDU |b BIBEDU |c ES_NOD |d 2019-11-22 |h v.4 |i 4938992 |o 372.21 FUN 2005 |p 4938992 |r 2023-08-09 |w 2019-11-22 |y BK |k EPE | ||
| 952 | |0 0 |1 0 |4 0 |6 372_210000000000000_FUN_2005 |7 0 |8 A |9 454019 |a BIBEDU |b BIBEDU |c ES_NOD |d 2019-11-22 |h v.5 |i 4939069 |o 372.21 FUN 2005 |p 4939069 |r 2023-08-09 |w 2019-11-22 |y BK |k EPE | ||
| 952 | |0 0 |1 0 |4 0 |6 372_210000000000000_FUN_2005 |7 0 |8 A |9 454020 |a BIBEDU |b BIBEDU |d 2019-11-22 |h v.6 |i 4939131 |o 372.21 FUN 2005 |p 4939131 |r 2019-11-22 |w 2019-11-22 |y BK |k EPE | ||
| 952 | |0 0 |1 0 |4 0 |6 372_210000000000000_FUN_2005 |7 0 |8 A |9 454021 |a BIBEDU |b BIBEDU |d 2019-11-22 |h v.7 |i 4939204 |o 372.21 FUN 2005 |p 4939204 |r 2019-11-22 |w 2019-11-22 |y BK |k EPE | ||
| 952 | |0 0 |1 0 |4 0 |6 372_210000000000000_FUN_2005 |7 0 |8 A |9 454022 |a BIBEDU |b BIBEDU |c ES_NOD |d 2019-11-22 |h v.8 |i 4939271 |o 372.21 FUN 2005 |p 4939271 |r 2023-08-09 |w 2019-11-22 |y BK |k EPE | ||
| 952 | |0 0 |1 0 |4 0 |6 372_210000000000000_FUN_2005 |7 0 |8 A |9 454023 |a BIBEDU |b BIBEDU |c ES_NOD |d 2019-11-22 |h v.9 |i 4939344 |o 372.21 FUN 2005 |p 4939344 |r 2023-08-09 |w 2019-11-22 |y BK |k EPE | ||
| 952 | |0 0 |1 0 |4 0 |6 372_210000000000000_FUN_2005 |7 0 |8 A |9 454024 |a BIBEDU |b BIBEDU |d 2019-11-22 |h v.10 |i 4939417 |o 372.21 FUN 2005 |p 4939417 |r 2019-11-22 |w 2019-11-22 |y BK |k EPE | ||
| 952 | |0 0 |1 0 |4 0 |6 372_210000000000000_FUN_2005 |7 0 |8 A |9 454025 |a BIBEDU |b BIBEDU |c ES_NOD |d 2019-11-22 |h v.11 |i 4939484 |o 372.21 FUN 2005 |p 4939484 |r 2023-08-09 |w 2019-11-22 |y BK |k EPE | ||
| 952 | |0 0 |1 0 |4 0 |6 372_210000000000000_FUN_2005 |7 0 |8 A |9 454026 |a BIBEDU |b BIBEDU |d 2019-11-22 |i 4938720 |o 372.21 FUN 2005 |p 4938720 |r 2019-11-22 |w 2019-11-22 |y BK |k EPE | ||
| 952 | |0 0 |1 0 |4 0 |6 372_210000000000000_FUN_2005 |7 0 |8 A |9 454027 |a BIBEDU |b BIBEDU |c ES_NOD |d 2019-11-22 |h v.1 |i 4938860 |o 372.21 FUN 2005 |p 4938860 |r 2023-08-09 |w 2019-11-22 |y BK |k EPE | ||
| 952 | |0 0 |1 0 |4 0 |6 372_210000000000000_FUN_2005 |7 0 |8 A |9 454028 |a BIBEDU |b BIBEDU |d 2019-11-22 |h v.2 |i 4938798 |o 372.21 FUN 2005 |p 4938798 |r 2019-11-22 |w 2019-11-22 |y BK |k EPE | ||
| 952 | |0 0 |1 0 |4 0 |6 372_210000000000000_FUN_2005 |7 0 |8 A |9 454029 |a BIBEDU |b BIBEDU |c ES_NOD |d 2019-11-22 |h v.3 |i 4938933 |o 372.21 FUN 2005 |p 4938933 |r 2023-08-09 |w 2019-11-22 |y BK |k EPE | ||
| 952 | |0 0 |1 0 |4 0 |6 372_210000000000000_FUN_2005 |7 0 |8 A |9 454030 |a BIBEDU |b BIBEDU |d 2019-11-22 |h v.4 |i 493900K |o 372.21 FUN 2005 |p 493900K |r 2019-11-22 |w 2019-11-22 |y BK |k EPE | ||
| 952 | |0 0 |1 0 |4 0 |6 372_210000000000000_FUN_2005 |7 0 |8 A |9 454031 |a BIBEDU |b BIBEDU |d 2019-11-22 |h v.5 |i 4939077 |o 372.21 FUN 2005 |p 4939077 |r 2019-11-22 |w 2019-11-22 |y BK |k EPE | ||
| 952 | |0 0 |1 0 |4 0 |6 372_210000000000000_FUN_2005 |7 0 |8 A |9 454032 |a BIBEDU |b BIBEDU |c ES_NOD |d 2019-11-22 |h v.6 |i 493914K |o 372.21 FUN 2005 |p 493914K |r 2023-08-09 |w 2019-11-22 |y BK |k EPE | ||
| 952 | |0 0 |1 0 |4 0 |6 372_210000000000000_FUN_2005 |7 0 |8 A |9 454033 |a BIBEDU |b BIBEDU |c ES_NOD |d 2019-11-22 |h v.7 |i 4939212 |o 372.21 FUN 2005 |p 4939212 |r 2023-08-09 |w 2019-11-22 |y BK |k EPE | ||
| 952 | |0 0 |1 0 |4 0 |6 372_210000000000000_FUN_2005 |7 0 |8 A |9 454034 |a BIBEDU |b BIBEDU |d 2019-11-22 |h v.8 |i 493928K |o 372.21 FUN 2005 |p 493928K |r 2019-11-22 |w 2019-11-22 |y BK |k EPE | ||
| 952 | |0 0 |1 0 |4 0 |6 372_210000000000000_FUN_2005 |7 0 |8 A |9 454035 |a BIBEDU |b BIBEDU |d 2019-11-22 |h v.9 |i 4939352 |o 372.21 FUN 2005 |p 4939352 |r 2019-11-22 |w 2019-11-22 |y BK |k EPE | ||
| 952 | |0 0 |1 0 |4 0 |6 372_210000000000000_FUN_2005 |7 0 |8 A |9 454036 |a BIBEDU |b BIBEDU |d 2019-11-22 |h v.10 |i 4939425 |o 372.21 FUN 2005 |p 4939425 |r 2019-11-22 |w 2019-11-22 |y BK |k EPE | ||
| 952 | |0 0 |1 0 |4 0 |6 372_210000000000000_FUN_2005 |7 0 |8 A |9 454037 |a BIBEDU |b BIBEDU |c ES_NOD |d 2019-11-22 |h v.11 |i 4939492 |o 372.21 FUN 2005 |p 4939492 |r 2023-08-09 |w 2019-11-22 |y BK |k EPE | ||
| 952 | |0 0 |1 0 |4 0 |6 372_210000000000000_FUN_2005 |7 0 |8 A |9 454038 |a BIBEDU |b BIBEDU |d 2019-11-22 |i 4938739 |o 372.21 FUN 2005 |p 4938739 |r 2019-11-22 |w 2019-11-22 |y BK |k EPE | ||
| 952 | |0 0 |1 0 |4 0 |6 372_210000000000000_FUN_2005 |7 0 |8 A |9 454039 |a BIBEDU |b BIBEDU |d 2019-11-22 |h v.1 |i 4938879 |o 372.21 FUN 2005 |p 4938879 |r 2019-11-22 |w 2019-11-22 |y BK |k EPE | ||
| 952 | |0 0 |1 0 |4 0 |6 372_210000000000000_FUN_2005 |7 0 |8 A |9 454040 |a BIBEDU |b BIBEDU |c ES_NOD |d 2019-11-22 |h v.2 |i 4938801 |o 372.21 FUN 2005 |p 4938801 |r 2023-08-09 |w 2019-11-22 |y BK |k EPE | ||
| 952 | |0 0 |1 0 |4 0 |6 372_210000000000000_FUN_2005 |7 0 |8 A |9 454041 |a BIBEDU |b BIBEDU |d 2019-11-22 |h v.3 |i 4938941 |o 372.21 FUN 2005 |p 4938941 |r 2019-11-22 |w 2019-11-22 |y BK |k EPE | ||
| 952 | |0 0 |1 0 |4 0 |6 372_210000000000000_FUN_2005 |7 0 |8 A |9 454042 |a BIBEDU |b BIBEDU |d 2019-11-22 |h v.4 |i 4939018 |o 372.21 FUN 2005 |p 4939018 |r 2019-11-22 |w 2019-11-22 |y BK |k EPE | ||
| 952 | |0 0 |1 0 |4 0 |6 372_210000000000000_FUN_2005 |7 0 |8 A |9 454043 |a BIBEDU |b BIBEDU |d 2019-11-22 |h v.5 |i 4939085 |o 372.21 FUN 2005 |p 4939085 |r 2019-11-22 |w 2019-11-22 |y BK |k EPE | ||
| 952 | |0 0 |1 0 |4 0 |6 372_210000000000000_FUN_2005 |7 0 |8 A |9 454044 |a BIBEDU |b BIBEDU |d 2019-11-22 |h v.6 |i 4939158 |o 372.21 FUN 2005 |p 4939158 |r 2019-11-22 |w 2019-11-22 |y BK |k EPE | ||
| 952 | |0 0 |1 0 |4 0 |6 372_210000000000000_FUN_2005 |7 0 |8 A |9 454045 |a BIBEDU |b BIBEDU |c ES_NOD |d 2019-11-22 |h v.7 |i 4939220 |o 372.21 FUN 2005 |p 4939220 |r 2023-08-09 |w 2019-11-22 |y BK |k EPE | ||
| 952 | |0 0 |1 0 |4 0 |6 372_210000000000000_FUN_2005 |7 0 |8 A |9 454046 |a BIBEDU |b BIBEDU |c ES_NOD |d 2019-11-22 |h v.8 |i 4939298 |o 372.21 FUN 2005 |p 4939298 |r 2023-08-09 |w 2019-11-22 |y BK |k EPE | ||
| 952 | |0 0 |1 0 |4 0 |6 372_210000000000000_FUN_2005 |7 0 |8 A |9 454047 |a BIBEDU |b BIBEDU |c ES_NOD |d 2019-11-22 |h v.9 |i 4939360 |o 372.21 FUN 2005 |p 4939360 |r 2023-08-09 |w 2019-11-22 |y BK |k EPE | ||
| 952 | |0 0 |1 0 |4 0 |6 372_210000000000000_FUN_2005 |7 0 |8 A |9 454048 |a BIBEDU |b BIBEDU |c ES_NOD |d 2019-11-22 |h v.10 |i 4939433 |o 372.21 FUN 2005 |p 4939433 |r 2023-08-09 |w 2019-11-22 |y BK |k EPE | ||
| 952 | |0 0 |1 0 |4 0 |6 372_210000000000000_FUN_2005 |7 0 |8 A |9 454049 |a BIBEDU |b BIBEDU |c ES_NOD |d 2019-11-22 |h v.11 |i 4939506 |o 372.21 FUN 2005 |p 4939506 |r 2023-08-09 |w 2019-11-22 |y BK |k EPE | ||
| 952 | |0 0 |1 0 |4 0 |6 372_210000000000000_FUN_2005 |7 0 |8 A |9 454050 |a BIBEDU |b BIBEDU |c ES_NOD |d 2019-11-22 |i 4938747 |o 372.21 FUN 2005 |p 4938747 |r 2023-08-09 |w 2019-11-22 |y BK |k EPE | ||
| 952 | |0 0 |1 0 |4 0 |6 372_210000000000000_FUN_2005 |7 0 |8 A |9 454051 |a BIBEDU |b BIBEDU |c ES_NOD |d 2019-11-22 |h v.1 |i 4938887 |o 372.21 FUN 2005 |p 4938887 |r 2023-08-09 |w 2019-11-22 |y BK |k EPE | ||
| 952 | |0 0 |1 0 |4 0 |6 372_210000000000000_FUN_2005 |7 0 |8 A |9 454052 |a BIBEDU |b BIBEDU |d 2019-11-22 |h v.2 |i 493881K |o 372.21 FUN 2005 |p 493881K |r 2019-11-22 |w 2019-11-22 |y BK |k EPE | ||
| 952 | |0 0 |1 0 |4 0 |6 372_210000000000000_FUN_2005 |7 0 |8 A |9 454053 |a BIBEDU |b BIBEDU |d 2019-11-22 |h v.3 |i 493895K |o 372.21 FUN 2005 |p 493895K |r 2019-11-22 |w 2019-11-22 |y BK |k EPE | ||
| 952 | |0 0 |1 0 |4 0 |6 372_210000000000000_FUN_2005 |7 0 |8 A |9 454054 |a BIBEDU |b BIBEDU |c ES_NOD |d 2019-11-22 |h v.4 |i 4939026 |o 372.21 FUN 2005 |p 4939026 |r 2023-08-09 |w 2019-11-22 |y BK |k EPE | ||
| 952 | |0 0 |1 0 |4 0 |6 372_210000000000000_FUN_2005 |7 0 |8 A |9 454055 |a BIBEDU |b BIBEDU |c ES_NOD |d 2019-11-22 |h v.5 |i 4939093 |o 372.21 FUN 2005 |p 4939093 |r 2023-08-09 |w 2019-11-22 |y BK |k EPE | ||
| 952 | |0 0 |1 0 |4 0 |6 372_210000000000000_FUN_2005 |7 0 |8 A |9 454056 |a BIBEDU |b BIBEDU |c ES_NOD |d 2019-11-22 |h v.6 |i 4939166 |o 372.21 FUN 2005 |p 4939166 |r 2023-08-09 |w 2019-11-22 |y BK |k EPE | ||
| 952 | |0 0 |1 0 |4 0 |6 372_210000000000000_FUN_2005 |7 0 |8 A |9 454057 |a BIBEDU |b BIBEDU |d 2019-11-22 |h v.7 |i 4939239 |o 372.21 FUN 2005 |p 4939239 |r 2019-11-22 |w 2019-11-22 |y BK |k EPE | ||
| 952 | |0 0 |1 0 |4 0 |6 372_210000000000000_FUN_2005 |7 0 |8 A |9 454058 |a BIBEDU |b BIBEDU |d 2019-11-22 |h v.8 |i 4939301 |o 372.21 FUN 2005 |p 4939301 |r 2019-11-22 |w 2019-11-22 |y BK |k EPE | ||
| 952 | |0 0 |1 0 |4 0 |6 372_210000000000000_FUN_2005 |7 0 |8 A |9 454059 |a BIBEDU |b BIBEDU |d 2019-11-22 |h v.9 |i 4939379 |o 372.21 FUN 2005 |p 4939379 |r 2019-11-22 |w 2019-11-22 |y BK |k EPE | ||
| 952 | |0 0 |1 0 |4 0 |6 372_210000000000000_FUN_2005 |7 0 |8 A |9 454060 |a BIBEDU |b BIBEDU |c ES_NOD |d 2019-11-22 |h v.10 |i 4939441 |o 372.21 FUN 2005 |p 4939441 |r 2023-08-09 |w 2019-11-22 |y BK |k EPE | ||
| 952 | |0 0 |1 0 |4 0 |6 372_210000000000000_FUN_2005 |7 0 |8 A |9 454061 |a BIBEDU |b BIBEDU |d 2019-11-22 |h v.11 |i 4939514 |o 372.21 FUN 2005 |p 4939514 |r 2019-11-22 |w 2019-11-22 |y BK |k EPE | ||
| 952 | |0 0 |1 0 |4 0 |6 372_210000000000000_FUN_2005 |7 0 |8 A |9 454062 |a BIBEDU |b BIBEDU |c ES_NOD |d 2019-11-22 |i 4938755 |o 372.21 FUN 2005 |p 4938755 |r 2023-08-09 |w 2019-11-22 |y BK |k EPE | ||
| 952 | |0 0 |1 0 |4 0 |6 372_210000000000000_FUN_2005 |7 0 |8 A |9 454063 |a BIBEDU |b BIBEDU |d 2019-11-22 |h v.1 |i 4938895 |o 372.21 FUN 2005 |p 4938895 |r 2019-11-22 |w 2019-11-22 |y BK |k EPE | ||
| 952 | |0 0 |1 0 |4 0 |6 372_210000000000000_FUN_2005 |7 0 |8 A |9 454064 |a BIBEDU |b BIBEDU |d 2019-11-22 |h v.2 |i 4938828 |o 372.21 FUN 2005 |p 4938828 |r 2019-11-22 |w 2019-11-22 |y BK |k EPE | ||
| 952 | |0 0 |1 0 |4 0 |6 372_210000000000000_FUN_2005 |7 0 |8 A |9 454065 |a BIBEDU |b BIBEDU |d 2019-11-22 |h v.3 |i 4938968 |o 372.21 FUN 2005 |p 4938968 |r 2019-11-22 |w 2019-11-22 |y BK |k EPE | ||
| 952 | |0 0 |1 0 |4 0 |6 372_210000000000000_FUN_2005 |7 0 |8 A |9 454066 |a BIBEDU |b BIBEDU |d 2019-11-22 |h v.4 |i 4939034 |o 372.21 FUN 2005 |p 4939034 |r 2019-11-22 |w 2019-11-22 |y BK |k EPE | ||
| 952 | |0 0 |1 0 |4 0 |6 372_210000000000000_FUN_2005 |7 0 |8 A |9 454067 |a BIBEDU |b BIBEDU |d 2019-11-22 |h v.5 |i 4939107 |o 372.21 FUN 2005 |p 4939107 |r 2019-11-22 |w 2019-11-22 |y BK |k EPE | ||
| 952 | |0 0 |1 0 |4 0 |6 372_210000000000000_FUN_2005 |7 0 |8 A |9 454068 |a BIBEDU |b BIBEDU |d 2019-11-22 |h v.6 |i 4939174 |o 372.21 FUN 2005 |p 4939174 |r 2019-11-22 |w 2019-11-22 |y BK |k EPE | ||
| 952 | |0 0 |1 0 |4 0 |6 372_210000000000000_FUN_2005 |7 0 |8 A |9 454069 |a BIBEDU |b BIBEDU |c ES_NOD |d 2019-11-22 |h v.7 |i 4939247 |o 372.21 FUN 2005 |p 4939247 |r 2023-08-09 |w 2019-11-22 |y BK |k EPE | ||
| 952 | |0 0 |1 0 |4 0 |6 372_210000000000000_FUN_2005 |7 0 |8 A |9 454070 |a BIBEDU |b BIBEDU |d 2019-11-22 |h v.8 |i 493931K |o 372.21 FUN 2005 |p 493931K |r 2019-11-22 |w 2019-11-22 |y BK |k EPE | ||
| 952 | |0 0 |1 0 |4 0 |6 372_210000000000000_FUN_2005 |7 0 |8 A |9 454071 |a BIBEDU |b BIBEDU |d 2019-11-22 |h v.9 |i 4939387 |o 372.21 FUN 2005 |p 4939387 |r 2019-11-22 |w 2019-11-22 |y BK |k EPE | ||
| 952 | |0 0 |1 0 |4 0 |6 372_210000000000000_FUN_2005 |7 0 |8 A |9 454072 |a BIBEDU |b BIBEDU |d 2019-11-22 |h v.10 |i 493945K |o 372.21 FUN 2005 |p 493945K |r 2019-11-22 |w 2019-11-22 |y BK |k EPE | ||
| 952 | |0 0 |1 0 |4 0 |6 372_210000000000000_FUN_2005 |7 0 |8 A |9 454073 |a BIBEDU |b BIBEDU |d 2019-11-22 |h v.11 |i 4939522 |o 372.21 FUN 2005 |p 4939522 |r 2019-11-22 |w 2019-11-22 |y BK |k EPE | ||